[Event "Mumbai SMCA op 1st"]
[Site "Mumbai"]
[Date "2024.10.15"]
[Round "7"]
[White "Udupi, Avani Acharya"]
[Black "Mishra, Sanjeev"]
[Result "0-1"]
[WhiteElo "1669"]
[BlackElo "1885"]
[PlyCount "190"]
[EventDate "2024.10.11"]
[EventType "swiss"]
[EventRounds "8"]
[EventCountry "IND"]
[SourceTitle "CB43_2024"]
[Source "Chessbase"]
[SourceDate "2024.10.23"]
[SourceVersion "1"]
[SourceVersionDate "2024.10.23"]
[SourceQuality "1"]

1. d4 Nf6 2. Bf4 g6 3. Nf3 Bg7 4. c3 0-0 5. Nbd2 d5 6. e3 c6 7. h4 Bg4 8. Be2 Nbd7 9. Ne5 Nxe5 10. Bxe5 Bxe2 11. Qxe2 h5 12. Bxf6 Bxf6 13. g4 hxg4 14. h5 Qd7 15. hxg6 fxg6 16. 0-0-0 Kg7 17. Rhg1 Bh4 18. Rdf1 Rf6 19. f4 g3 20. Nf3 Qg4 21. Qg2 Rh8 22. Nxh4 Rxh4 23. Qxg3 Qxg3 24. Rxg3 Rh2 25. Rfg1 Kf7 26. R1g2 Rh1+ 27. Rg1 Rh2 28. R1g2 Rh1+ 29. Rg1 Rh6 30. Kd2 b5 31. b4 Rh8 32. Kc2 a5 33. a3 axb4 34. cxb4 Re6 35. Kd3 Ra8 36. Ra1 Rd6 37. Kc3 Rdd8 38. Kb3 Rh8 39. Rag1 Rag8 40. Rc1 Rc8 41. Rc5 Rh2 42. Rg1 Re2 43. Rc3 Rh8 44. a4 bxa4+ 45. Ka3 Rh3 46. Kxa4 Rexe3 47. Rxc6 e6 48. Rc7+ Kf6 49. Rgc1 Rd3 50. Kb5 Rxd4 51. Kc5 Rd2 52. b5 Rb3 53. b6 Rdb2 54. Rc6 Rb5+ 55. Kd6 Rxb6 56. Kd7 Rxc6 57. Rxc6 Re2 58. Rc8 Kf5 59. Rf8+ Kg4 60. Rf6 Re4 61. Rxg6+ Kxf4 62. Rf6+ Ke3 63. Rf1 Ke2 64. Rb1 d4 65. Rb2+ Ke3 66. Kd6 d3 67. Rb3 Ke2 68. Kc5 d2 69. Rb2 Ke1 70. Rb1+ d1Q 71. Rxd1+ Kxd1 72. Kd6 e5 73. Kd5 Re2 74. Kc4 Rd2 75. Kc3 e4 76. Kb3 Rc2 77. Kb4 Kd2 78. Kb5 Kd3 79. Kb6 Kd4 80. Kb5 Rb2+ 81. Kc6 Rb4 82. Kd6 Rb6+ 83. Kc7 Kc5 84. Kd7 Kd5 85. Ke7 Ra6 86. Kf7 Ke5 87. Kg7 Kf5 88. Kf7 Ra7+ 89. Ke8 Ke6 90. Kd8 Rh7 91. Kc8 Kd6 92. Kb8 Kc6 93. Ka8 Rh8+ 94. Ka7 Rc8 95. Ka6 Ra8# 0-1